00890nam a22001577a 4500008004100000020002900041050001700070100004100087245007800128260003500206300004800241440003400289500002600323505036400349650001900713110901t xxu||||| |||| 00| 0 eng d a052867255X 9780528672552 aHB171.5 .L34 aLancaster, Kelvinq Kelvin Lancaster aModern economics: principles and policy, macroeconomicscKelvin Lancaster aChicagobRand McNally c[1973] axiv, 738 p.billus., diagrs., graphsc24 cm aRand McNally economics series aIncludes bibliography aContents: Part I. Introduction -- Parts II, III, and IV (pages 65-370) appear in the Microeconomics volume -- Part V. Macroeconomics -- Part VI. Applications of macroeconomic analysis -- Part VII. Money and banks -- Part VIII. Macroeconomic policy -- Pat IX. International economics -- Part X. Total economic policy -- List of capsule supplements: chaps. 1-36 aMacroeconomics